| 000 | 00538nam a2200157Ia 4500 | ||
|---|---|---|---|
| 008 | 190925s9999 xx 000 0 und d | ||
| 020 | _a978-0-471-74816-8 | ||
| 100 | _aJones, Terri | ||
| 245 |
_cTerri Jones.-- _aCulinary calculations _bSimplified math for culinary professionals / |
||
| 250 | _a2nd ed. | ||
| 260 |
_aHoboken, N.J. : _bJohn Wiley & Sons _c2008 |
||
| 300 |
_a240 pages : _bblack & white pictures |
||
| 500 | _aIncludes appendices, glossary and index. | ||
| 650 | _aCalculation | ||
| 650 | _aFood service -- Mathematics. | ||
| 999 |
_c362220 _d362220 |
||